|
|
|
|
| LEADER |
00000nab a2200000 a 4500 |
| 001 |
vtls010170394 |
| 003 |
SK-MaSNL |
| 005 |
20260426091740.0 |
| 008 |
250708c2010 xo ||||||||||||00 b|slo |
| 015 |
|
|
|a SNBRB2010/09
|2 snkbucl
|
| 035 |
|
|
|a urn:nbn:sk:snk-ab8c59
|
| 035 |
|
|
|a (urnnbn)urn:nbn:sk:snk:ar-a07xht
|
| 035 |
|
|
|a (uuid)d92d0c9c-ea5c-4c04-ae78-1c0b88f7a10c
|
| 038 |
|
|
|a SNKBUCL
|
| 040 |
|
|
|a SNKBUCL
|b slo
|c SNKBUCL
|e AACR2
|
| 041 |
0 |
|
|a slo
|
| 044 |
|
|
|a xo
|c SK
|
| 080 |
|
|
|a 331.47:340.13
|x (437.6)
|2 2001
|
| 080 |
|
|
|a 331.48:340.13
|x (437.6)
|2 2001
|
| 100 |
1 |
|
|a Ondrejková, Ľudmila
|4 aut
|9 485950
|
| 245 |
1 |
0 |
|a Zmeny v legislatívnych úpravách týkajúce sa ochrany zdravia pri práci účinné od 1. mája 2010
|c Ľudmila Ondrejková
|
| 300 |
|
|
|b Tab.
|
| 648 |
|
7 |
|a od 1.5.2010
|2 snkbucl
|9 1319447
|
| 650 |
0 |
7 |
|a ochrana zdravia pri práci
|2 snkbucl
|9 284118
|
| 650 |
0 |
7 |
|a pracovná zdravotná služba
|2 snkbucl
|9 485949
|
| 650 |
0 |
7 |
|a legislatíva
|2 snkbucl
|9 121217
|
| 651 |
|
7 |
|a Slovensko
|2 snkbucl
|9 14231
|
| 773 |
0 |
|
|t Personálny a mzdový poradca podnikateľa
|g Č. 13-14 (2010), s. 65-75
|x 1335-1508
|
| 850 |
|
|
|a Slovenská národná knižnica
|
| 852 |
|
|
|a Slovenská národná knižnica
|
| 856 |
4 |
1 |
|u http://www.epi.sk/Main/Default.aspx?Template=~/Main/TArticles.ascx&MID=228&phContent=~/EDL/Journal.ascx&CatId=7863
|
| 954 |
|
|
|a odborná, vedecká literatúra pôvodná (slovenská)
|2 lita
|
| 958 |
|
|
|a article9
|
| 958 |
|
|
|a OND
|
| 958 |
|
|
|a SK
|
| 958 |
|
|
|a EUIPO
|
| 999 |
|
|
|c 3034945
|d 3036875
|